[Event "Medellin Sub zt 2.3.2"]
[Site "Medellin"]
[Date "2025.04.19"]
[Round "9"]
[White "Jimenez Jimenez, Leandro"]
[Black "Cifuentes Camacho, Miguel Angel"]
[Result "1-0"]
[WhiteElo "2197"]
[BlackElo "2047"]
[PlyCount "99"]
[EventDate "2025.04.14"]
[EventType "swiss"]
[EventRounds "9"]
[EventCountry "COL"]
[SourceTitle "CB18_2025"]
[SourceDate "2025.04.30"]
[SourceVersion "1"]
[SourceVersionDate "2025.04.30"]
[SourceQuality "1"]

1. d4 Nf6 2. c4 e6 3. g3 d5 4. Bg2 dxc4 5. Nf3 a6 6. 0-0 Nc6 7. e3 Rb8 8. Qe2 b5 9. b3 Na5 10. Ne5 Nd7 11. Bd2 b4 12. Nxc4 Nxc4 13. Qxc4 Bd6 14. a3 bxa3 15. Nxa3 0-0 16. Qc2 e5 17. Nc4 exd4 18. exd4 Nf6 19. Ne5 Bd7 20. Rfe1 Bb5 21. Ba5 Re8 22. Rac1 Re7 23. Nc6 Bxc6 24. Bxc6 Bb4 25. Bxb4 Rxb4 26. Rxe7 Qxe7 27. Bf3 Ne8 28. Qc3 Qd6 29. Re1 Nf6 30. Rc1 Ne8 31. Qe3 Kf8 32. d5 Qb6 33. Qe2 Qb5 34. Qe5 Rxb3 35. Re1 Rb1 36. Qe7+ Kg8 37. Bd1 Rxd1 38. Rxd1 h6 39. Qd8 Qe2 40. Ra1 Kh7 41. Qd7 Nd6 42. Qxc7 Ne4 43. Qf4 Ng5 44. Qe3 Qg4 45. f4 Nf3+ 46. Kf2 Nxh2 47. Kg2 Qh5 48. Qd3+ g6 49. Rh1 Nf3 50. Qxf3 1-0

[Event "Medellin Sub zt 2.3.2"]
[Site "Medellin"]
[Date "2025.04.18"]
[Round "7"]
[White "Jimenez Jimenez, Leandro"]
[Black "Mora Moron, Jose Ramon"]
[Result "1-0"]
[WhiteElo "2197"]
[BlackElo "2020"]
[PlyCount "100"]
[EventDate "2025.04.14"]
[EventType "swiss"]
[EventRounds "9"]
[EventCountry "COL"]
[SourceTitle "CB18_2025"]
[SourceDate "2025.04.30"]
[SourceVersion "1"]
[SourceVersionDate "2025.04.30"]
[SourceQuality "1"]

1. d4 Nf6 2. c4 e6 3. Nf3 d5 4. g3 Bb4+ 5. Nbd2 0-0 6. Bg2 dxc4 7. a3 Ba5 8. 0-0 c3 9. Nc4 cxb2 10. Bxb2 c6 11. Qc2 Bc7 12. Rfd1 a5 13. e4 Qe7 14. h4 Rd8 15. e5 Nfd7 16. Ng5 Nf8 17. Rd3 b5 18. Nd2 Bd7 19. Nb3 Be8 20. Rc1 Bb6 21. Ne4 Ra7 22. Nd6 Rxd6 23. exd6 Qxd6 24. Nc5 Qd8 25. Qc3 f5 26. Re1 Qf6 27. Bc1 a4 28. Bf4 Nbd7 29. Qc1 Nxc5 30. dxc5 Ba5 31. Bg5 Qg6 32. Red1 b4 33. axb4 Bc7 34. Ra3 f4 35. Bxf4 e5 36. Be3 Bf7 37. Qb1 Qe6 38. Qa1 Qg4 39. Rxa4 Rb7 40. b5 e4 41. Bxe4 Qh5 42. Bxc6 Rb8 43. Ra8 Be5 44. Qa4 h6 45. Rxb8 Bxb8 46. Rd8 Bc7 47. Rc8 Be5 48. Qe4 Qd1+ 49. Kg2 Bf6 50. b6 g6 1-0

[Event "Medellin Sub zt 2.3.2"]
[Site "Medellin"]
[Date "2025.04.14"]
[Round "1"]
[White "Jimenez Jimenez, Leandro"]
[Black "Paulino Rosario, Dalver"]
[Result "1-0"]
[WhiteElo "2197"]
[BlackElo "1854"]
[PlyCount "61"]
[EventDate "2025.04.14"]
[EventType "swiss"]
[EventRounds "9"]
[EventCountry "COL"]
[SourceTitle "CB18_2025"]
[SourceDate "2025.04.30"]
[SourceVersion "1"]
[SourceVersionDate "2025.04.30"]
[SourceQuality "1"]

1. d4 d5 2. c4 c6 3. cxd5 cxd5 4. Nf3 Bg4 5. Ne5 Bf5 6. Nc3 Nf6 7. Qb3 Nc6 8. e4 Bd7 9. exd5 Nxd4 10. Qd1 Nf5 11. Bd3 Nd6 12. 0-0 g6 13. Nxd7 Nxd7 14. Re1 Bg7 15. Bg5 Nf6 16. Qe2 a6 17. Qe5 Kf8 18. Qe3 b5 19. a3 Rc8 20. Rad1 h6 21. Bh4 g5 22. Bg3 Ng4 23. Qe2 h5 24. Ne4 Nxe4 25. Bxe4 Nf6 26. Be5 Nxe4 27. Qxe4 Bxe5 28. Qxe5 Rg8 29. d6 e6 30. d7 Rc7 31. Qxc7 1-0

[Event "Olympiad-45"]
[Site "Budapest"]
[Date "2024.09.22"]
[Round "11.3"]
[White "Amilal, Munkhdalai"]
[Black "Jimenez Jimenez, Leandro"]
[Result "1-0"]
[WhiteElo "2374"]
[BlackElo "2188"]
[PlyCount "56"]
[EventDate "2024.09.11"]
[EventType "team-swiss"]
[EventRounds "11"]
[EventCountry "HUN"]
[SourceTitle "EXT 2025"]
[Source "ChessBase"]
[SourceDate "2024.10.14"]
[SourceVersion "1"]
[SourceVersionDate "2024.10.14"]
[SourceQuality "1"]
[WhiteTeam "Mongolia"]
[BlackTeam "Dominican Republic"]
[WhiteTeamCountry "MGL"]
[BlackTeamCountry "DOM"]

1. e4 e5 2. Nf3 Nf6 3. d4 Nxe4 4. Bd3 d5 5. dxe5 Nc6 6. 0-0 Bg4 7. Nc3 Nxc3 8. bxc3 Be7 9. Re1 0-0 10. h3 Bh5 11. g4 Bg6 12. Rb1 Rb8 13. Bxg6 hxg6 14. Rb5 Qc8 15. Rxd5 Qe6 16. Ng5 Bxg5 17. Bxg5 Rfe8 18. Re3 b5 19. Qd3 Na5 20. f4 Nc4 21. Re2 f6 22. Bxf6 Nb6 23. Rc5 Nd7 24. Qxg6 Re7 25. f5 Qb6 26. Bxe7 Nxc5 27. Qxb6 axb6 28. Bxc5 bxc5 1-0

[Event "Olympiad-45"]
[Site "Budapest"]
[Date "2024.09.13"]
[Round "3.26"]
[White "Jimenez Jimenez, Leandro"]
[Black "Heimisson, Hilmir Freyr"]
[Result "0-1"]
[WhiteElo "2188"]
[BlackElo "2391"]
[PlyCount "84"]
[EventDate "2024.09.11"]
[EventType "team-swiss"]
[EventRounds "11"]
[EventCountry "HUN"]
[SourceTitle "EXT 2025"]
[Source "ChessBase"]
[SourceDate "2024.10.14"]
[SourceVersion "1"]
[SourceVersionDate "2024.10.14"]
[SourceQuality "1"]
[WhiteTeam "Dominican Republic"]
[BlackTeam "Iceland"]
[WhiteTeamCountry "DOM"]
[BlackTeamCountry "ISL"]

1. d4 e6 2. c4 Nf6 3. g3 c5 4. Nf3 cxd4 5. Nxd4 d5 6. Bg2 e5 7. Nf3 d4 8. 0-0 Nc6 9. e3 Be7 10. exd4 exd4 11. b3 Bg4 12. h3 Bh5 13. Bb2 Qb6 14. g4 Bg6 15. Bxd4 Nxd4 16. Qxd4 Qxd4 17. Nxd4 0-0-0 18. Nf5 Bxf5 19. gxf5 Rd3 20. Rc1 Bc5 21. a4 Rhd8 22. Bf1 Rxb3 23. Ra2 Ne4 24. Bg2 Nxf2 25. Kh2 Bd6+ 26. Kg1 Nd3 27. Rf1 Nf4 28. Nd2 Re3 29. Ne4 Bc7 30. Bf3 Nxh3+ 31. Kh1 Rd4 32. Nc5 b6 33. Ne4 Rdxe4 34. Bxe4 Rxe4 35. Rg2 Be5 36. Rc2 Ng5 37. Kg2 Rg4+ 38. Kf2 h5 39. Re2 f6 40. a5 bxa5 41. Rc1 h4 42. c5 h3 0-1

[Event "Titled Tuesday intern op 03rd Sep Early"]
[Site "Chess.com INT"]
[Date "2024.09.03"]
[Round "4"]
[White "Jimenez Jimenez, Leandro"]
[Black "Goryachkina, Aleksandra"]
[Result "1-0"]
[WhiteElo "2188"]
[BlackElo "2533"]
[PlyCount "79"]
[EventDate "2024.09.03"]
[EventType "swiss (blitz)"]
[EventRounds "11"]
[EventCountry "USA"]
[SourceTitle "EXT 2025"]
[Source "ChessBase"]
[SourceDate "2024.10.14"]
[SourceVersion "1"]
[SourceVersionDate "2024.10.14"]
[SourceQuality "1"]

1. d4 Nf6 2. c4 e6 3. g3 c5 4. Nf3 cxd4 5. Nxd4 Qc7 6. Nc3 a6 7. Bg2 Qxc4 8. 0-0 Nc6 9. Nb3 Be7 10. e4 0-0 11. Bf4 e5 12. Be3 d6 13. Rc1 Qe6 14. Nd5 Bd8 15. Qd2 Ng4 16. Bb6 Bxb6 17. Nxb6 Rb8 18. h3 Nf6 19. Rfd1 Rd8 20. Nd5 Bd7 21. Qg5 Kh8 22. Nxf6 gxf6 23. Qh6 Rg8 24. Rc3 Rbd8 25. Rcd3 Bc8 26. Qh4 a5 27. a3 b6 28. Kh2 Ne7 29. Rc3 Ng6 30. Qh6 Bb7 31. Nd2 Rc8 32. Rdc1 Qe7 33. Nc4 Rc6 34. Ne3 Rxc3 35. Rxc3 Qf8 36. Qxf8 Rxf8 37. Rc7 Ba8 38. Nf5 Rd8 39. Nh6 d5 40. Nxf7+ 1-0

[Event "Titled Tuesday intern op 03rd Sep Early"]
[Site "Chess.com INT"]
[Date "2024.09.03"]
[Round "1"]
[White "Jimenez Jimenez, Leandro"]
[Black "Popov, Tikhon"]
[Result "0-1"]
[WhiteElo "2188"]
[BlackElo "2217"]
[PlyCount "50"]
[EventDate "2024.09.03"]
[EventType "swiss (blitz)"]
[EventRounds "11"]
[EventCountry "USA"]
[SourceTitle "EXT 2025"]
[Source "ChessBase"]
[SourceDate "2024.10.14"]
[SourceVersion "1"]
[SourceVersionDate "2024.10.14"]
[SourceQuality "1"]

1. d4 Nf6 2. Bg5 c5 3. d5 Ne4 4. Bc1 e6 5. Nf3 exd5 6. Qxd5 Nf6 7. Qe5+ Be7 8. c4 Nc6 9. Qg5 0-0 10. Nc3 Ne4 11. Qe3 Nxc3 12. Qxc3 Bf6 13. Qd2 d5 14. cxd5 Nd4 15. Nxd4 cxd4 16. Qd3 Qxd5 17. Bd2 Bf5 18. Qb3 Qe4 19. Qf3 Qe6 20. h3 Rfe8 21. Qb3 Qe4 22. Qf3 Qe5 23. Qf4 Qxf4 24. Bxf4 d3 25. e3 Bxb2 0-1

[Event "Titled Tuesday intern op 03rd Sep Early"]
[Site "Chess.com INT"]
[Date "2024.09.03"]
[Round "5"]
[White "Stalmach, Richard"]
[Black "Jimenez Jimenez, Leandro"]
[Result "1-0"]
[WhiteElo "2431"]
[BlackElo "2188"]
[PlyCount "69"]
[EventDate "2024.09.03"]
[EventType "swiss (blitz)"]
[EventRounds "11"]
[EventCountry "USA"]
[SourceTitle "EXT 2025"]
[Source "ChessBase"]
[SourceDate "2024.10.14"]
[SourceVersion "1"]
[SourceVersionDate "2024.10.14"]
[SourceQuality "1"]

1. c4 e5 2. Nc3 Nf6 3. Nf3 Nc6 4. d3 g6 5. g3 Bg7 6. Bg2 0-0 7. 0-0 Re8 8. a3 d5 9. cxd5 Nxd5 10. Bg5 Qd6 11. Rc1 Bg4 12. Qd2 Nb6 13. Ne4 Qe6 14. Nc5 Qc8 15. b4 Nd7 16. Ne4 Bxf3 17. Bxf3 Nd4 18. Nd6 cxd6 19. Rxc8 Raxc8 20. Rc1 Nxf3+ 21. exf3 Nb6 22. Kg2 Nd5 23. Rc4 Nb6 24. Rh4 Nd5 25. Bh6 Nf6 26. Bxg7 Kxg7 27. Qh6+ Kg8 28. Qg5 Re6 29. f4 exf4 30. Rxf4 Nh5 31. Rc4 Rce8 32. Rc7 b6 33. Rxa7 Ng7 34. g4 Re2 35. Qd5 1-0

[Event "Titled Tuesday intern op 13th Aug Early"]
[Site "Chess.com INT"]
[Date "2024.08.13"]
[Round "3"]
[White "Jimenez Jimenez, Leandro"]
[Black "Vasques, Antonio Pedro Freix"]
[Result "0-1"]
[WhiteElo "2161"]
[BlackElo "2238"]
[PlyCount "68"]
[EventDate "2024.08.13"]
[EventType "swiss (blitz)"]
[EventRounds "11"]
[EventCountry "USA"]
[SourceTitle "EXT 2025"]
[Source "ChessBase"]
[SourceDate "2024.10.14"]
[SourceVersion "1"]
[SourceVersionDate "2024.10.14"]
[SourceQuality "1"]

1. d4 Nf6 2. e3 g6 3. Nf3 Bg7 4. Bd3 0-0 5. 0-0 c5 6. c3 d6 7. Re1 b6 8. e4 Bb7 9. Qe2 Nc6 10. Bg5 cxd4 11. cxd4 Nb4 12. Nc3 d5 13. e5 Nxd3 14. Qxd3 Ne4 15. Nxe4 dxe4 16. Rxe4 Bxe4 17. Qxe4 Qd7 18. Qh4 f6 19. exf6 exf6 20. Be3 Qd5 21. b3 Rac8 22. Nd2 b5 23. Ne4 g5 24. Qg4 f5 25. Qxg5 Qxe4 26. Rd1 f4 27. Bc1 Rce8 28. h3 f3 29. g4 Kh8 30. Be3 Qc2 31. Rd2 Qc1+ 32. Kh2 Qf1 33. Kg3 Qg2+ 34. Kh4 Bf6 0-1

[Event "Titled Tuesday intern op 30th Jul Early"]
[Site "Chess.com INT"]
[Date "2024.07.30"]
[Round "3"]
[White "Jimenez Jimenez, Leandro"]
[Black "Dinu, Dumitru Daniel"]
[Result "0-1"]
[WhiteElo "2161"]
[BlackElo "2190"]
[PlyCount "26"]
[EventDate "2024.07.30"]
[EventType "swiss (blitz)"]
[EventRounds "11"]
[EventCountry "USA"]
[SourceTitle "EXT 2025"]
[Source "ChessBase"]
[SourceDate "2024.10.14"]
[SourceVersion "1"]
[SourceVersionDate "2024.10.14"]
[SourceQuality "1"]

1. d4 Nf6 2. Bg5 c6 3. Bxf6 gxf6 4. e3 d5 5. c4 e5 6. Nc3 Be6 7. cxd5 cxd5 8. Qb3 Nd7 9. Nf3 Be7 10. Bb5 0-0 11. Bxd7 Qxd7 12. dxe5 d4 13. Rd1 Bxb3 0-1

[Event "Titled Tuesday intern op 30th Jul Early"]
[Site "Chess.com INT"]
[Date "2024.07.30"]
[Round "4"]
[White "Jimenez Jimenez, Leandro"]
[Black "Kushko, Dmitriy"]
[Result "0-1"]
[WhiteElo "2161"]
[BlackElo "2444"]
[PlyCount "56"]
[EventDate "2024.07.30"]
[EventType "swiss (blitz)"]
[EventRounds "11"]
[EventCountry "USA"]
[SourceTitle "EXT 2025"]
[Source "ChessBase"]
[SourceDate "2024.10.14"]
[SourceVersion "1"]
[SourceVersionDate "2024.10.14"]
[SourceQuality "1"]

1. d4 Nf6 2. Bg5 d5 3. Bxf6 gxf6 4. c4 e5 5. e3 Nc6 6. Nc3 dxc4 7. Bxc4 exd4 8. Qh5 Ne5 9. 0-0-0 Nxc4 10. Rxd4 Nd6 11. Nge2 Be6 12. Nf4 Qd7 13. Qa5 b6 14. Qa6 Qc6 15. Nxe6 fxe6 16. Rhd1 Be7 17. Kb1 Qxg2 18. Qa4+ Kf7 19. Qd7 Rac8 20. f4 Rhd8 21. Qa4 f5 22. Qxa7 Qa8 23. Qxa8 Rxa8 24. a3 Rg8 25. R4d2 Rg6 26. Rc1 Rag8 27. Ne2 c5 28. Rcd1 Rg2 0-1

[Event "Titled Tuesday intern op 30th Jul Early"]
[Site "Chess.com INT"]
[Date "2024.07.30"]
[Round "5"]
[White "Mesquita, Eduardo Barbosa"]
[Black "Jimenez Jimenez, Leandro"]
[Result "1/2-1/2"]
[WhiteElo "1958"]
[BlackElo "2161"]
[PlyCount "167"]
[EventDate "2024.07.30"]
[EventType "swiss (blitz)"]
[EventRounds "11"]
[EventCountry "USA"]
[SourceTitle "EXT 2025"]
[Source "ChessBase"]
[SourceDate "2024.10.14"]
[SourceVersion "1"]
[SourceVersionDate "2024.10.14"]
[SourceQuality "1"]

1. e4 c6 2. c4 d5 3. cxd5 cxd5 4. exd5 Nf6 5. Nc3 g6 6. d4 Bg7 7. Be2 0-0 8. Nf3 Nxd5 9. 0-0 b6 10. Re1 Bb7 11. Bg5 h6 12. Bd2 e6 13. Qc1 Kh7 14. Ne5 Nd7 15. Bf3 Nxe5 16. dxe5 Rc8 17. Qd1 Nxc3 18. Bxc3 Qxd1 19. Bxd1 Rfd8 20. Bc2 Rc5 21. f4 Ba6 22. Red1 Rcd5 23. Rxd5 Rxd5 24. Rd1 Rxd1+ 25. Bxd1 Bc4 26. b3 Bd5 27. Kf2 Bf8 28. Bd4 Bb4 29. Bf3 Bxf3 30. Kxf3 h5 31. g3 Kg7 32. Ke4 Kf8 33. h3 Ke7 34. g4 hxg4 35. hxg4 Kd7 36. f5 Kc6 37. fxg6 fxg6 38. Be3 Be7 39. Bd4 a6 40. a4 b5 41. Be3 Bh4 42. Bd4 Bg3 43. Be3 Be1 44. Bd4 Bd2 45. Bf2 g5 46. Bd4 a5 47. Bf2 Bf4 48. Bd4 Bc1 49. Bf2 bxa4 50. bxa4 Bb2 51. Be1 Kb6 52. Bd2 Kc5 53. Bxg5 Kb4 54. Be7+ Kxa4 55. g5 Bc1 56. g6 Bh6 57. Bf6 Kb3 58. g7 Bxg7 59. Bxg7 a4 60. Bf8 a3 61. Bxa3 Kxa3 62. Kd4 Kb4 63. Kd3 Kc5 64. Ke3 Kd5 65. Kf3 Kxe5 66. Ke3 Kf5 67. Kf3 Kg5 68. Ke4 Kf6 69. Kf4 e5+ 70. Ke3 Kg5 71. Ke4 Kf6 72. Ke3 Kf5 73. Kf3 e4+ 74. Ke2 Ke5 75. Ke3 Kd5 76. Ke2 Kd4 77. Kd2 Kc4 78. Ke3 Kd5 79. Ke2 Ke5 80. Ke3 Kf5 81. Ke2 Kf4 82. Kf2 Kg4 83. Ke3 Kf5 84. Ke2 1/2-1/2

[Event "Titled Tuesday intern op 23rd Jul Early"]
[Site "Chess.com INT"]
[Date "2024.07.23"]
[Round "6"]
[White "Elsness, Frode"]
[Black "Jimenez Jimenez, Leandro"]
[Result "0-1"]
[WhiteElo "2418"]
[BlackElo "2161"]
[PlyCount "52"]
[EventDate "2024.07.23"]
[EventType "swiss (blitz)"]
[EventRounds "11"]
[EventCountry "USA"]
[SourceTitle "EXT 2025"]
[Source "ChessBase"]
[SourceDate "2024.10.14"]
[SourceVersion "1"]
[SourceVersionDate "2024.10.14"]
[SourceQuality "1"]

1. e4 e5 2. Nf3 Nf6 3. Nxe5 Nxe4 4. Qe2 Qe7 5. Qxe4 d6 6. d4 dxe5 7. dxe5 Nc6 8. Nc3 Qxe5 9. Qxe5+ Nxe5 10. Bf4 Bd6 11. Bg3 h5 12. h3 h4 13. Bh2 Bf5 14. Bb5+ c6 15. 0-0-0 0-0-0 16. Ba4 f6 17. Bb3 Rhe8 18. Rhe1 Bc7 19. Rxd8+ Kxd8 20. Ne2 a5 21. Bxe5 Bxe5 22. c3 Be4 23. f3 Bg6 24. Kd2 Kc7 25. Bc2 Bxc2 26. Kxc2 Bg3 0-1

[Event "Titled Tuesday intern op 23rd Jul Early"]
[Site "Chess.com INT"]
[Date "2024.07.23"]
[Round "5"]
[White "Jimenez Jimenez, Leandro"]
[Black "Nugumanov, Bakhtiyar"]
[Result "1-0"]
[WhiteElo "2161"]
[BlackElo "2288"]
[PlyCount "111"]
[EventDate "2024.07.23"]
[EventType "swiss (blitz)"]
[EventRounds "11"]
[EventCountry "USA"]
[SourceTitle "EXT 2025"]
[Source "ChessBase"]
[SourceDate "2024.10.14"]
[SourceVersion "1"]
[SourceVersionDate "2024.10.14"]
[SourceQuality "1"]

1. e4 e5 2. Nf3 Nc6 3. Bc4 Nf6 4. c3 Nxe4 5. 0-0 d5 6. Bb5 Bd6 7. Re1 0-0 8. d3 Nf6 9. Bxc6 bxc6 10. Nxe5 Bxe5 11. Rxe5 Qd6 12. Bf4 Ng4 13. Rf5 Qe6 14. Rg5 f6 15. Rh5 Qe8 16. Rh3 Nxf2 17. Kxf2 Bxh3 18. gxh3 Qe6 19. Qg4 f5 20. Qf3 Rae8 21. Nd2 h6 22. h4 c5 23. Nb3 c4 24. Nd4 Qb6 25. Qxd5+ Kh8 26. Qb5 cxd3 27. Qxb6 cxb6 28. Rd1 Re4 29. Kf3 Rfe8 30. Rxd3 Re1 31. Nxf5 Rf1+ 32. Kg4 Re4 33. Rf3 Rxf3 34. Kxf3 Ra4 35. a3 Kh7 36. Nd4 g5 37. hxg5 hxg5 38. Bxg5 Kg6 39. h4 Ra5 40. Kg4 Re5 41. h5+ Kg7 42. Nf5+ Kh7 43. Ng3 Rb5 44. b4 a5 45. bxa5 Rxa5 46. Be7 Ra4+ 47. Bb4 b5 48. Kg5 Ra6 49. Ne4 Re6 50. Nf6+ Kg7 51. h6+ Kf7 52. Ng4 Rg6+ 53. Kh5 Rc6 54. Kh4 Kg6 55. Kg3 Kg5 56. Kf3 1-0

[Event "Titled Tuesday intern op 16th Jul Early"]
[Site "Chess.com INT"]
[Date "2024.07.16"]
[Round "5"]
[White "Shandrygin, Nikita"]
[Black "Jimenez Jimenez, Leandro"]
[Result "0-1"]
[WhiteElo "2209"]
[BlackElo "2161"]
[PlyCount "88"]
[EventDate "2024.07.16"]
[EventType "swiss (blitz)"]
[EventRounds "11"]
[EventCountry "USA"]
[SourceTitle "EXT 2025"]
[Source "ChessBase"]
[SourceDate "2024.10.14"]
[SourceVersion "1"]
[SourceVersionDate "2024.10.14"]
[SourceQuality "1"]

1. e4 e5 2. Nf3 Nc6 3. Bb5 a6 4. Ba4 Nf6 5. 0-0 b5 6. Bb3 Bc5 7. c3 d6 8. d4 Bb6 9. dxe5 Nxe5 10. Nxe5 dxe5 11. Qxd8+ Kxd8 12. Bg5 Ke7 13. Nd2 Be6 14. Rfd1 h6 15. Bxf6+ Kxf6 16. Kf1 Rhd8 17. Ke2 Rd6 18. Bxe6 Kxe6 19. a4 Rad8 20. axb5 axb5 21. f3 g6 22. Nb3 Rxd1 23. Rxd1 Rxd1 24. Kxd1 f5 25. Ke2 h5 26. h3 Kd6 27. Nc1 c6 28. Nd3 Ke6 29. g4 Kf6 30. Nb4 fxe4 31. fxe4 Kg5 32. Kf3 c5 33. Nd5 Bd8 34. Kg3 hxg4 35. hxg4 c4 36. Kf3 Kh4 37. Nb4 Bg5 38. Nc6 Bc1 39. Nxe5 Bxb2 40. Nxg6+ Kg5 41. Nf4 Bxc3 42. Nd5 Ba5 43. e5 b4 44. Ke4 b3 0-1

[Event "American Continental Rapid 18th"]
[Site "Medellin"]
[Date "2024.06.01"]
[Round "5"]
[White "Duran Vega, Sergio"]
[Black "Jimenez Jimenez, Leandro"]
[Result "1-0"]
[WhiteElo "2321"]
[BlackElo "2189"]
[PlyCount "83"]
[EventDate "2024.06.01"]
[EventType "swiss (rapid)"]
[EventRounds "9"]
[EventCountry "COL"]
[SourceTitle "CBM 220 Extra"]
[Source "ChessBase"]
[SourceDate "2024.07.31"]
[SourceVersion "1"]
[SourceVersionDate "2024.07.31"]
[SourceQuality "1"]

1. d4 d5 2. Nf3 e6 3. c4 c6 4. Nbd2 f5 5. g3 Nd7 6. Bg2 Nh6 7. 0-0 Nf7 8. b3 g5 9. a4 h5 10. Ba3 Bxa3 11. Rxa3 h4 12. b4 Qf6 13. e3 Nf8 14. Re1 Ng6 15. Kf1 g4 16. Ng1 Ng5 17. b5 Bd7 18. a5 Kf7 19. a6 b6 20. Rc3 hxg3 21. hxg3 Ne7 22. Ne2 Rh2 23. Nf4 c5 24. Qb3 cxd4 25. exd4 Qxd4 26. cxd5 Bxb5+ 27. Qxb5 Qxc3 28. Nxe6 Nf3 29. Nxf3 gxf3 30. Ng5+ Kf8 31. Nxf3 Rh6 32. Qd7 Re8 33. Ng5 Qd3+ 34. Kg1 Qa3 35. Ne6+ Kf7 36. d6 Qb4 37. Ng5+ Kf6 38. Qe6+ Kxg5 39. f4+ Kg4 40. Qe2+ Kxg3 41. Qf3+ Kh4 42. Qh3# 1-0

[Event "American Continental Rapid 18th"]
[Site "Medellin"]
[Date "2024.06.01"]
[Round "7"]
[White "Guevara Ruiz, Santiago Jose"]
[Black "Jimenez Jimenez, Leandro"]
[Result "0-1"]
[WhiteElo "2066"]
[BlackElo "2189"]
[PlyCount "50"]
[EventDate "2024.06.01"]
[EventType "swiss (rapid)"]
[EventRounds "9"]
[EventCountry "COL"]
[SourceTitle "CBM 220 Extra"]
[Source "ChessBase"]
[SourceDate "2024.07.31"]
[SourceVersion "1"]
[SourceVersionDate "2024.07.31"]
[SourceQuality "1"]

1. e4 e5 2. Nf3 Nf6 3. Nxe5 Nxe4 4. Qe2 Qe7 5. Qxe4 d6 6. d4 dxe5 7. dxe5 Nc6 8. Bb5 Bd7 9. 0-0 0-0-0 10. Bxc6 Bxc6 11. Qf5+ Qd7 12. Qxd7+ Rxd7 13. Bf4 g5 14. Bg3 h5 15. h3 h4 16. Bh2 Bc5 17. Nc3 Rd2 18. Rac1 Rg8 19. Kh1 g4 20. Bf4 Rxf2 21. Rxf2 Bxf2 22. Nd1 Bc5 23. Be3 gxh3 24. Bxc5 Rxg2 25. Be3 h2 0-1

[Event "American Continental Blitz 18th"]
[Site "Medellin"]
[Date "2024.05.29"]
[Round "9"]
[White "Araujo Sanchez, Josue"]
[Black "Jimenez Jimenez, Leandro"]
[Result "1-0"]
[WhiteElo "2266"]
[BlackElo "2189"]
[PlyCount "125"]
[EventDate "2024.05.29"]
[EventType "swiss (blitz)"]
[EventRounds "9"]
[EventCountry "COL"]
[SourceTitle "CBM 220 Extra"]
[Source "ChessBase"]
[SourceDate "2024.07.31"]
[SourceVersion "1"]
[SourceVersionDate "2024.07.31"]
[SourceQuality "1"]

1. c4 e5 2. d3 Nf6 3. Nf3 Nc6 4. g3 d5 5. cxd5 Nxd5 6. Bg2 Be7 7. 0-0 Be6 8. Nc3 0-0 9. Bd2 f6 10. a3 Nb6 11. Rc1 Qd7 12. Re1 Na5 13. Qc2 Nb3 14. Rcd1 Nxd2 15. Nxd2 c6 16. Nb3 Rfd8 17. Ne4 Qc7 18. d4 Bf7 19. e3 Nd5 20. Nbc5 exd4 21. Rxd4 f5 22. Nd2 Bf6 23. Rd3 g6 24. e4 Ne7 25. b4 Bg7 26. Rde3 fxe4 27. Ndxe4 Nf5 28. Rd3 Rxd3 29. Qxd3 Rd8 30. Qb1 b6 31. Nd3 Bd5 32. Nf4 Bf7 33. Ng5 h6 34. Nge6 Qd7 35. Nxd8 Qxd8 36. Bxc6 Nd4 37. Bg2 g5 38. Ne2 Ne6 39. Rd1 Qe7 40. Qc2 Qe8 41. Qd2 Bg6 42. Nc3 Nd4 43. Nd5 Kh7 44. Re1 Qd7 45. Re7 Qd6 46. Rxg7+ Kxg7 47. Qxd4+ Kf7 48. h4 gxh4 49. Qxh4 Qe5 50. Qf4+ Qxf4 51. Nxf4 Bc2 52. Bf1 Kf6 53. Bd3 Bb3 54. Kf1 Ke5 55. Ke2 Kd4 56. Kd2 a5 57. Ne2+ Ke5 58. Ke3 axb4 59. axb4 Bf7 60. Be4 Be8 61. Nd4 h5 62. f4+ Kd6 63. Nf5+ 1-0

[Event "American Continental Blitz 18th"]
[Site "Medellin"]
[Date "2024.05.29"]
[Round "3"]
[White "Jimenez Jimenez, Leandro"]
[Black "Urquijo Prada, Santiago"]
[Result "1-0"]
[WhiteElo "2189"]
[BlackElo "1766"]
[PlyCount "29"]
[EventDate "2024.05.29"]
[EventType "swiss (blitz)"]
[EventRounds "9"]
[EventCountry "COL"]
[SourceTitle "CBM 220 Extra"]
[Source "ChessBase"]
[SourceDate "2024.07.31"]
[SourceVersion "1"]
[SourceVersionDate "2024.07.31"]
[SourceQuality "1"]

1. d4 d5 2. Bg5 Bf5 3. e3 c6 4. Nc3 Nd7 5. Bd3 Bxd3 6. Qxd3 Ngf6 7. Nge2 e5 8. dxe5 Nxe5 9. Qf5 Ned7 10. 0-0-0 Qb6 11. e4 dxe4 12. Nxe4 0-0-0 13. Nxf6 gxf6 14. Bxf6 Bh6+ 15. Kb1 1-0

[Event "American Continental Blitz 18th"]
[Site "Medellin"]
[Date "2024.05.29"]
[Round "5"]
[White "Jimenez Jimenez, Leandro"]
[Black "Ynojosa Aponte, Felix Jose"]
[Result "0-1"]
[WhiteElo "2189"]
[BlackElo "2377"]
[PlyCount "86"]
[EventDate "2024.05.29"]
[EventType "swiss (blitz)"]
[EventRounds "9"]
[EventCountry "COL"]
[SourceTitle "CBM 220 Extra"]
[Source "ChessBase"]
[SourceDate "2024.07.31"]
[SourceVersion "1"]
[SourceVersionDate "2024.07.31"]
[SourceQuality "1"]

1. d4 Nf6 2. Bg5 e6 3. e4 c5 4. d5 h6 5. Bxf6 Qxf6 6. Nc3 d6 7. Bb5+ Nd7 8. dxe6 fxe6 9. Qf3 a6 10. Bd3 Ne5 11. Qxf6 Nxd3+ 12. cxd3 gxf6 13. f4 b5 14. Nf3 f5 15. exf5 exf5 16. Nd5 Ra7 17. 0-0-0 Be6 18. Ne3 Kf7 19. a3 Be7 20. Rde1 Bf6 21. Rhg1 Rg8 22. g3 a5 23. Nc2 b4 24. Re2 Rb8 25. Nd2 bxa3 26. bxa3 Rab7 27. Rge1 Ba2 28. Nc4 Bxc4 29. dxc4 Bc3 30. Ne3 Rb1+ 31. Kc2 Rxe1 32. Rxe1 Bxe1 33. Nd5 Bf2 34. Nc3 Bg1 35. h3 Bh2 36. Ne2 Re8 37. Kd3 Rxe2 38. Kxe2 Bxg3 39. Kf3 Bh2 40. a4 Ke6 41. h4 h5 42. Ke3 Bg3 43. Kf3 Bxh4 0-1